[Event "24. European Club Cup 2008"]
[Site "Kallithea GRE"]
[Date "2008.10.18"]
[Round "2.10"]
[White "Patuzzo, Fabrizio"]
[Black "Yevseev, Denis"]
[Result "1/2-1/2"]
[WhiteElo "2280"]
[BlackElo "2534"]
[PlyCount "138"]
[EventDate "2008.10.17"]
[EventType "team-swiss"]
[EventRounds "7"]
[EventCountry "GRE"]
[Source "lmi"]
[SourceDate "2008.10.17"]
[WhiteTeam "Mendrisio"]
[BlackTeam "FINEK"]

1. c4 e5 2. g3 Nf6 3. Bg2 Nc6 4. Nf3 d5 5. cxd5 Nxd5 6. O-O Be7 7. Nc3 Nb6 8.
b3 O-O 9. Bb2 Re8 10. d3 Bf8 11. Rc1 Bg4 12. Ne4 Nd4 13. e3 Nc6 14. h3 Bh5 15.
g4 Bg6 16. Rxc6 Bxe4 17. dxe4 Qxd1 18. Rxd1 bxc6 19. Nxe5 Rad8 20. Rb1 c5 21.
Nc6 Rd2 22. a4 Rd3 23. Ba1 c4 24. bxc4 Nxa4 25. Nxa7 Nc5 26. e5 Rb3 27. Rd1
Reb8 28. Nb5 Ne6 29. Rc1 g6 30. Bd4 Rd8 31. Ra1 Rb4 32. Rc1 Bh6 33. Ba1 Bg5 34.
Bc6 Bh4 35. Bd4 Ra4 36. Rc2 Ra6 37. Bb7 Ra4 38. Bd5 Rc8 39. Bb7 Rb8 40. Bd5 Rc8
41. Bc6 Rd8 42. Kg2 Rb4 43. Bd5 Rxb5 44. Bxe6 Ra5 45. Bd5 Rb8 46. e6 fxe6 47.
Bxe6+ Kf8 48. f4 Ke7 49. Bd5 Bf6 50. Bxf6+ Kxf6 51. e4 g5 52. e5+ Kg7 53. f5 c6
54. f6+ Kg6 55. Be4+ Kf7 56. Bxc6 Rxe5 57. Rf2 Rd8 58. Bd5+ Rdxd5 59. cxd5 Rxd5
60. h4 gxh4 61. Kh3 h5 62. Kxh4 hxg4 63. Kxg4 Rd6 64. Kg5 Rd5+ 65. Rf5 Rxf5+
66. Kxf5 Kf8 67. Ke6 Ke8 68. f7+ Kf8 69. Kd7 Kxf7 1/2-1/2

[Event "24. European Club Cup 2008"]
[Site "Kallithea GRE"]
[Date "2008.10.18"]
[Round "2.11"]
[White "Vaganian, Rafael A"]
[Black "Brkic, Ante"]
[Result "0-1"]
[WhiteElo "2590"]
[BlackElo "2558"]
[PlyCount "66"]
[EventDate "2008.10.17"]
[EventType "team-swiss"]
[EventRounds "7"]
[EventCountry "GRE"]
[Source "lmi"]
[SourceDate "2008.10.17"]
[WhiteTeam "Bank King"]
[BlackTeam "Brijeg"]

1. d4 d5 2. c4 e6 3. Nf3 Nf6 4. e3 a6 5. b3 c5 6. Bd3 cxd4 7. exd4 Nc6 8. Bb2
Be7 9. O-O O-O 10. Nc3 dxc4 11. bxc4 b6 12. Qe2 Bb7 13. Rad1 Re8 14. Bb1 Na5
15. Ne5 Rc8 16. Qd3 Qc7 17. Qh3 Nxc4 18. Nxc4 Qxc4 19. d5 exd5 20. Ne2 Ne4 21.
Ng3 Ng5 22. Qh5 g6 23. Qh6 Ne6 24. f4 Bf8 25. Qh4 Bg7 26. Bxg7 Nxg7 27. Qh6 f5
28. h4 Re6 29. Qg5 Qc5+ 30. Kh2 Qe7 31. Qh6 Rc3 32. Rf2 Rce3 33. Nf1 Re1 0-1

[Event "24. European Club Cup 2008"]
[Site "Kallithea GRE"]
[Date "2008.10.18"]
[Round "2.11"]
[White "Arutinian, David"]
[Black "Bogut, Zeljko"]
[Result "1/2-1/2"]
[WhiteElo "2584"]
[BlackElo "2464"]
[PlyCount "120"]
[EventDate "2008.10.17"]
[EventType "team-swiss"]
[EventRounds "7"]
[EventCountry "GRE"]
[Source "lmi"]
[SourceDate "2008.10.17"]
[WhiteTeam "Bank King"]
[BlackTeam "Brijeg"]

1. d4 d5 2. c4 e6 3. Nf3 Nf6 4. Bg5 Be7 5. Nc3 h6 6. Bxf6 Bxf6 7. e3 O-O 8. Qc2
b6 9. cxd5 exd5 10. Be2 Bb7 11. O-O Re8 12. b4 c6 13. Rfd1 Nd7 14. Rac1 b5 15.
a4 a6 16. Ne1 Be7 17. Nd3 Bd6 18. Bf3 Qe7 19. Qb1 Nf6 20. Ne2 Reb8 21. Ng3 g6
22. Nc5 h5 23. Re1 h4 24. Nf1 Bc8 25. e4 dxe4 26. Nxe4 Nxe4 27. Bxe4 Bxb4 28.
Bxc6 Bxe1 29. Rxe1 Bf5 30. Qa1 Qd8 31. Bxa8 Rxa8 32. Ne3 Bd7 33. axb5 axb5 34.
Qb1 Qg5 35. Qb4 Re8 36. d5 h3 37. g3 Qf6 38. Qd2 Qf3 39. Qe2 Qe4 40. f3 Qd4 41.
Kf2 b4 42. Rd1 Qc5 43. Qd2 b3 44. Qd4 Qxd4 45. Rxd4 Rb8 46. Rd1 Ra8 47. g4 f5
48. gxf5 Ra2+ 49. Kg3 gxf5 50. Rd3 Ra4 51. Nd1 f4+ 52. Kh4 Rb4 53. Nb2 Kf7 54.
Kg5 Ke7 55. d6+ Ke6 56. Rd2 Bb5 57. Kg4 Bd7 58. Kg5 Bb5 59. Kg4 Bd7 60. Kg5 Bb5
1/2-1/2

[Event "24. European Club Cup 2008"]
[Site "Kallithea GRE"]
[Date "2008.10.18"]
[Round "2.11"]
[White "Zivkovic, Vjekoslav"]
[Black "Kotanjian, Tigran"]
[Result "1-0"]
[WhiteElo "2429"]
[BlackElo "2567"]
[PlyCount "81"]
[EventDate "2008.10.17"]
[EventType "team-swiss"]
[EventRounds "7"]
[EventCountry "GRE"]
[Source "lmi"]
[SourceDate "2008.10.17"]
[WhiteTeam "Brijeg"]
[BlackTeam "Bank King"]

1. e4 c5 2. Nf3 d6 3. Bb5+ Nd7 4. d4 Ngf6 5. Nc3 a6 6. Bxd7+ Nxd7 7. O-O e6 8.
Bg5 f6 9. Be3 b5 10. d5 e5 11. Ne2 Be7 12. a4 b4 13. a5 O-O 14. Nd2 f5 15. exf5
Nf6 16. Nc4 Bxf5 17. Ng3 Bg6 18. f3 Qc7 19. Bg5 Nxd5 20. Qxd5+ Bf7 21. Qd3 Bxg5
22. Qxd6 Qxd6 23. Nxd6 Be3+ 24. Kh1 Bd4 25. Nxf7 Kxf7 26. Rfb1 c4 27. Ne4 c3
28. bxc3 bxc3 29. Rb7+ Ke8 30. Rab1 Rf7 31. Rxf7 Kxf7 32. Rb7+ Ke6 33. Rxg7 Rb8
34. h4 Rb2 35. Rxh7 Rxc2 36. Rc7 Rb2 37. Nxc3 Rc2 38. Nb5 Ra2 39. Rc6+ Ke7 40.
Rxa6 Rb2 41. Nd6 1-0

[Event "24. European Club Cup 2008"]
[Site "Kallithea GRE"]
[Date "2008.10.18"]
[Round "2.11"]
[White "Anastasian, Ashot"]
[Black "Rade, Miroslav"]
[Result "1/2-1/2"]
[WhiteElo "2565"]
[BlackElo "2436"]
[PlyCount "141"]
[EventDate "2008.10.17"]
[EventType "team-swiss"]
[EventRounds "7"]
[EventCountry "GRE"]
[Source "lmi"]
[SourceDate "2008.10.17"]
[WhiteTeam "Bank King"]
[BlackTeam "Brijeg"]

1. d4 Nf6 2. c4 g6 3. Nc3 d5 4. cxd5 Nxd5 5. Bd2 Bg7 6. e4 Nb6 7. Be3 O-O 8. h3
e5 9. Nf3 exd4 10. Bxd4 Bxd4 11. Qxd4 Nc6 12. Qe3 Be6 13. Be2 Nc4 14. Bxc4 Bxc4
15. Qc5 Ba6 16. Nd5 Qd6 17. Qc3 f5 18. Nh2 Rae8 19. O-O-O Rxe4 20. Ne3 Qe5 21.
Nf3 Qxc3+ 22. bxc3 Ne5 23. Nxe5 Rxe5 24. Rd2 f4 25. Ng4 Re7 26. Rhd1 h5 27. Nh2
Bb5 28. Nf3 Bc6 29. Ng5 f3 30. g3 Re2 31. h4 Rfe8 32. Nh3 Ba4 33. Rxe2 Rxe2 34.
Rd2 Re1+ 35. Kb2 Bc6 36. c4 Kf7 37. Nf4 Kf6 38. Kc3 Kf5 39. Nd3 Re6 40. Nf4 Re1
41. Nd3 Re7 42. Nf4 Rd7 43. Rxd7 Bxd7 44. Kd4 b6 45. Ke3 Bc6 46. a3 Bb7 47. Kd4
c5+ 48. Ke3 a6 49. Nd3 Be4 50. Nf4 Ke5 51. Nh3 b5 52. Ng5 Ba8 53. cxb5 axb5 54.
Kd3 Bd5 55. Kc3 Kd6 56. Nh3 Be4 57. Ng5 Ke5 58. Nf7+ Kf6 59. Ng5 Bd5 60. Nh3
Kf5 61. Nf4 Bc4 62. Nh3 Kg4 63. Ng5 Bd5 64. Kd3 b4 65. axb4 cxb4 66. Kd4 b3 67.
Kc3 Kf5 68. Nh3 Ke5 69. Nf4 Bf7 70. Nd3+ Kd6 71. Nc1 1/2-1/2

[Event "24. European Club Cup 2008"]
[Site "Kallithea GRE"]
[Date "2008.10.18"]
[Round "2.11"]
[White "Galic, Ivan"]
[Black "Minasian, Artashes"]
[Result "0-1"]
[WhiteElo "2316"]
[BlackElo "2541"]
[PlyCount "72"]
[EventDate "2008.10.17"]
[EventType "team-swiss"]
[EventRounds "7"]
[EventCountry "GRE"]
[Source "lmi"]
[SourceDate "2008.10.17"]
[WhiteTeam "Brijeg"]
[BlackTeam "Bank King"]

1. c4 g6 2. g3 Bg7 3. Bg2 c5 4. Nc3 Nc6 5. Nf3 d6 6. O-O e5 7. d3 Nge7 8. Ne1
Be6 9. e4 Qd7 10. Nc2 Bh3 11. Ne3 Bxg2 12. Kxg2 O-O 13. Ned5 f5 14. f3 Rf7 15.
Be3 Rd8 16. Qe2 f4 17. Bg1 h5 18. Rad1 g5 19. gxf4 exf4 20. Nxe7+ Qxe7 21. Nd5
Qe6 22. Kh1 g4 23. Qf2 Ne5 24. Qh4 Nxf3 25. Qxh5 Be5 26. Rxf3 gxf3 27. b4 Rh7
28. Qxf3 Rh3 29. Qf1 Rh7 30. bxc5 dxc5 31. Bxc5 Rxh2+ 32. Kxh2 f3+ 33. Kg1 Qg4+
34. Kf2 Bg3+ 35. Ke3 Qg5+ 36. Nf4 Qxf4# 0-1

[Event "24. European Club Cup 2008"]
[Site "Kallithea GRE"]
[Date "2008.10.18"]
[Round "2.12"]
[White "Bauer, Christian"]
[Black "Markos, Jan"]
[Result "1/2-1/2"]
[WhiteElo "2592"]
[BlackElo "2557"]
[PlyCount "34"]
[EventDate "2008.10.17"]
[EventType "team-swiss"]
[EventRounds "7"]
[EventCountry "GRE"]
[Source "lmi"]
[SourceDate "2008.10.17"]
[WhiteTeam "Iretza"]
[BlackTeam "Novoborsky"]

1. e4 c5 2. Nf3 Nc6 3. d4 cxd4 4. Nxd4 e5 5. Nb5 a6 6. Nd6+ Bxd6 7. Qxd6 Qf6 8.
Qd1 Nge7 9. Nc3 O-O 10. Bd3 d6 11. O-O Be6 12. f4 exf4 13. Bxf4 Qd4+ 14. Kh1
Ne5 15. Qe1 Nxd3 16. cxd3 Ng6 17. Qe3 Qxe3 1/2-1/2

[Event "24. European Club Cup 2008"]
[Site "Kallithea GRE"]
[Date "2008.10.18"]
[Round "2.12"]
[White "Haba, Petr"]
[Black "Gonzalez, De La Torre Santiag"]
[Result "1-0"]
[WhiteElo "2546"]
[BlackElo "2382"]
[PlyCount "65"]
[EventDate "2008.10.17"]
[EventType "team-swiss"]
[EventRounds "7"]
[EventCountry "GRE"]
[Source "lmi"]
[SourceDate "2008.10.17"]
[WhiteTeam "Novoborsky"]
[BlackTeam "Iretza"]

1. e4 e5 2. Nf3 d6 3. d4 exd4 4. Qxd4 a6 5. Bg5 Nc6 6. Qd2 Be7 7. h4 h6 8. Bf4
Bg4 9. Nc3 Bxf3 10. gxf3 Ne5 11. O-O-O c6 12. Bg3 Nxf3 13. Qe2 Nxh4 14. f4 Ng6
15. e5 d5 16. Bh3 Bb4 17. Ne4 Qa5 18. c3 dxe4 19. cxb4 Qxb4 20. Kb1 N6e7 21.
Qg4 Kf8 22. Be1 Qb5 23. Rg1 g6 24. Rd7 f5 25. exf6 Nxf6 26. Qe6 Nxd7 27. Bc3
Rh7 28. Rd1 Nd5 29. Bd4 Qe2 30. Bg4 Qc4 31. Qxg6 Rf7 32. Be6 Rxf4 33. Qg7+ 1-0

[Event "24. European Club Cup 2008"]
[Site "Kallithea GRE"]
[Date "2008.10.18"]
[Round "2.12"]
[White "Argandona, Riveiro Inigo"]
[Black "Simacek, Pavel"]
[Result "0-1"]
[WhiteElo "2385"]
[BlackElo "2477"]
[PlyCount "80"]
[EventDate "2008.10.17"]
[EventType "team-swiss"]
[EventRounds "7"]
[EventCountry "GRE"]
[Source "lmi"]
[SourceDate "2008.10.17"]
[WhiteTeam "Iretza"]
[BlackTeam "Novoborsky"]

1. Nf3 Nf6 2. c4 e6 3. g3 d5 4. d4 dxc4 5. Bg2 Nc6 6. O-O Rb8 7. e3 Bd6 8. Qe2
b5 9. Rd1 Bd7 10. Ne1 O-O 11. f4 Be8 12. Nd2 Nd5 13. Ndf3 f5 14. Ng5 Qf6 15. e4
Nxd4 16. Qf1 Bc5 17. exd5 Bh5 18. Be3 h6 19. Qf2 Bxd1 20. Rxd1 hxg5 21. fxg5
Qe7 22. Bxd4 Bxd4 23. Qxd4 Rbd8 24. Qe3 Rfe8 25. Nc2 e5 26. Rf1 g6 27. h4 e4
28. g4 Rxd5 29. gxf5 gxf5 30. Qf4 Qc5+ 31. Kh1 Rd3 32. g6 e3 33. Re1 e2 34. Qh6
Rd7 35. Nb4 Ree7 36. Nc6 Re6 37. Nd8 Qf2 38. Nxe6 Qxe1+ 39. Kh2 Qg1+ 40. Kh3
Rd3+ 0-1

[Event "24. European Club Cup 2008"]
[Site "Kallithea GRE"]
[Date "2008.10.18"]
[Round "2.12"]
[White "Cvek, Robert"]
[Black "Martin Alvarez, Inigo"]
[Result "1-0"]
[WhiteElo "2532"]
[BlackElo "2212"]
[PlyCount "65"]
[EventDate "2008.10.17"]
[EventType "team-swiss"]
[EventRounds "7"]
[EventCountry "GRE"]
[Source "lmi"]
[SourceDate "2008.10.17"]
[WhiteTeam "Novoborsky"]
[BlackTeam "Iretza"]

1. e4 d6 2. d4 Nf6 3. f3 c5 4. dxc5 Qa5+ 5. Nc3 Qxc5 6. Qd3 a6 7. Be3 Qc7 8. g4
h6 9. O-O-O Nbd7 10. h4 b5 11. Qd4 g6 12. Nd5 Nxd5 13. exd5 Rg8 14. Qd2 Nb6 15.
Bxh6 Bxh6 16. Qxh6 Bb7 17. Qh7 Kf8 18. h5 Nxd5 19. hxg6 Rxg6 20. Bd3 Rg7 21.
Qh8+ Rg8 22. Qh6+ Ke8 23. Qd2 b4 24. Ne2 Qa5 25. Bc4 e6 26. Bb3 Rc8 27. Rh5 Rc5
28. Kb1 Ke7 29. Nf4 Rgc8 30. Rh7 Qb5 31. Re1 Nxf4 32. Qxf4 Rf8 33. Rxe6+ 1-0

[Event "24. European Club Cup 2008"]
[Site "Kallithea GRE"]
[Date "2008.10.18"]
[Round "2.13"]
[White "Brandner, Stefan"]
[Black "Fish, Gennadij"]
[Result "1/2-1/2"]
[WhiteElo "2296"]
[BlackElo "2531"]
[PlyCount "52"]
[EventDate "2008.10.17"]
[EventType "team-swiss"]
[EventRounds "7"]
[EventCountry "GRE"]
[Source "lmi"]
[SourceDate "2008.10.17"]
[WhiteTeam "Baden"]
[BlackTeam "Bremen"]

1. e4 c5 2. Nf3 e6 3. d3 Nc6 4. g3 Nge7 5. Bg2 d5 6. Nbd2 g6 7. O-O Bg7 8. Re1
Qc7 9. d4 cxd4 10. exd5 Nxd5 11. Nb3 O-O 12. Nbxd4 Nxd4 13. Nxd4 Qc4 14. Re4
Nf6 15. Re3 Nd5 16. Re4 Qa6 17. Nb3 b5 18. a4 b4 19. Rxb4 Nxb4 20. Bxa8 Qc4 21.
c3 Nd5 22. Bxd5 exd5 23. Be3 Bh3 24. Nd4 Re8 25. Qd2 a6 26. a5 h5 1/2-1/2

[Event "24. European Club Cup 2008"]
[Site "Kallithea GRE"]
[Date "2008.10.18"]
[Round "2.13"]
[White "Geismann, Bernhard"]
[Black "Lichmann, Peter"]
[Result "1/2-1/2"]
[WhiteElo "2131"]
[BlackElo "2389"]
[PlyCount "73"]
[EventDate "2008.10.17"]
[EventType "team-swiss"]
[EventRounds "7"]
[EventCountry "GRE"]
[Source "lmi"]
[SourceDate "2008.10.17"]
[WhiteTeam "Baden"]
[BlackTeam "Bremen"]

1. e4 c5 2. Nf3 d6 3. Nc3 Nf6 4. e5 dxe5 5. Nxe5 a6 6. g3 Qc7 7. d4 cxd4 8.
Qxd4 Nc6 9. Nxc6 Qxc6 10. Bg5 Bg4 11. Bxf6 Bf3 12. Bxg7 Rg8 13. Bxf8 Bxh1 14.
Bxe7 Qe6+ 15. Be2 Qxe7 16. O-O-O Bc6 17. Bd3 Rd8 18. Qf4 Qg5 19. Qxg5 Rxg5 20.
h4 Rg7 21. Ne4 Bxe4 22. Bxe4 f6 23. Rxd8+ Kxd8 24. Kd2 Re7 25. Kd3 Kc7 26. g4
h6 27. Ke3 b6 28. Kf4 Re5 29. a4 Kd6 30. b3 a5 31. f3 Rc5 32. Bf5 Rc3 33. Bd3
Rc5 34. Be4 Ke7 35. Ke3 Kd6 36. Kd4 Rc7 37. h5 1/2-1/2

[Event "24. European Club Cup 2008"]
[Site "Kallithea GRE"]
[Date "2008.10.18"]
[Round "2.14"]
[White "Riff, Jean-Noel"]
[Black "Huzman, Alexander"]
[Result "1/2-1/2"]
[WhiteElo "2512"]
[BlackElo "2590"]
[PlyCount "32"]
[EventDate "2008.10.17"]
[EventType "team-swiss"]
[EventRounds "7"]
[EventCountry "GRE"]
[Source "lmi"]
[SourceDate "2008.10.17"]
[WhiteTeam "Reichenstein"]
[BlackTeam "Beer Sheva"]

1. e4 c5 2. Nf3 d6 3. d4 cxd4 4. Nxd4 Nf6 5. Nc3 a6 6. Be2 e5 7. Nb3 Be7 8. O-O
O-O 9. Be3 Be6 10. a4 Nbd7 11. a5 Rc8 12. Qd2 Qc7 13. Rfd1 Rfd8 14. Qe1 Qc6 15.
Bf3 Qc7 16. Be2 Qc6 1/2-1/2

[Event "24. European Club Cup 2008"]
[Site "Kallithea GRE"]
[Date "2008.10.18"]
[Round "2.14"]
[White "Weindl, Alfred"]
[Black "Nabaty, Tamir"]
[Result "0-1"]
[WhiteElo "2354"]
[BlackElo "2456"]
[PlyCount "84"]
[EventDate "2008.10.17"]
[EventType "team-swiss"]
[EventRounds "7"]
[EventCountry "GRE"]
[Source "lmi"]
[SourceDate "2008.10.17"]
[WhiteTeam "Reichenstein"]
[BlackTeam "Beer Sheva"]

1. Nf3 c5 2. g3 Nc6 3. Bg2 e5 4. O-O g6 5. c4 Bg7 6. Nc3 Nge7 7. Ne1 O-O 8. Nc2
d6 9. Ne3 Be6 10. Ned5 Qd7 11. d3 Bh3 12. Bh6 Bxg2 13. Kxg2 f5 14. Bxg7 Kxg7
15. e3 Rae8 16. f4 a6 17. Qb3 exf4 18. gxf4 b5 19. cxb5 axb5 20. Nxe7 Rxe7 21.
Nd5 Re6 22. Qxb5 Rb8 23. Qc4 Rxb2+ 24. Rf2 Rxf2+ 25. Kxf2 Qd8 26. Rb1 Qh4+ 27.
Kg2 Qg4+ 28. Kf2 Qh3 29. Rg1 Nb4 30. Rg3 Qxh2+ 31. Rg2 Qh4+ 32. Rg3 Nxd5 33.
Qxd5 Rxe3 34. Kxe3 Qxg3+ 35. Ke2 Qxf4 36. Qb7+ Kh6 37. Qh1+ Kg5 38. Qxh7 Qe5+
39. Kf2 f4 40. Qb7 Qe3+ 41. Kg2 Qe2+ 42. Kg1 f3 0-1

[Event "24. European Club Cup 2008"]
[Site "Kallithea GRE"]
[Date "2008.10.18"]
[Round "2.14"]
[White "Vydeslaver, Alik"]
[Black "Maier, Christian"]
[Result "0-1"]
[WhiteElo "2399"]
[BlackElo "2328"]
[PlyCount "50"]
[EventDate "2008.10.17"]
[EventType "team-swiss"]
[EventRounds "7"]
[EventCountry "GRE"]
[Source "lmi"]
[SourceDate "2008.10.17"]
[WhiteTeam "Beer Sheva"]
[BlackTeam "Reichenstein"]

1. e4 e6 2. d4 d5 3. Nd2 Nf6 4. e5 Nfd7 5. Bd3 c5 6. c3 Nc6 7. Ne2 cxd4 8. cxd4
Nb6 9. Nf3 Be7 10. h4 Bd7 11. a3 a6 12. Bg5 h6 13. Bxe7 Qxe7 14. Nf4 O-O-O 15.
Nh5 Kb8 16. Qd2 Rhg8 17. Qf4 Ka8 18. O-O Rdf8 19. Rac1 Be8 20. Rfe1 f5 21. exf6
Bxh5 22. fxe7 Rxf4 23. Rxe6 Rf6 24. Rce1 Rxe6 25. Rxe6 Re8 0-1

[Event "24. European Club Cup 2008"]
[Site "Kallithea GRE"]
[Date "2008.10.18"]
[Round "2.15"]
[White "Atlas, Dimitry"]
[Black "Roskar, Robert"]
[Result "1-0"]
[WhiteElo "2322"]
[BlackElo "2269"]
[PlyCount "75"]
[EventDate "2008.10.17"]
[EventType "team-swiss"]
[EventRounds "7"]
[EventCountry "GRE"]
[Source "lmi"]
[SourceDate "2008.10.17"]
[WhiteTeam "Hohenems"]
[BlackTeam "Ptuj"]

1. e4 e5 2. Nf3 Nc6 3. Bc4 Nf6 4. d3 Be7 5. c3 O-O 6. O-O d6 7. Bb3 Na5 8. Bc2
c5 9. a3 Nc6 10. b4 a6 11. Re1 d5 12. Nbd2 d4 13. cxd4 cxd4 14. Bb3 b5 15. h3
Bd7 16. g4 Be6 17. Bxe6 fxe6 18. Nb3 Qe8 19. Ra2 Qg6 20. Nh4 Qf7 21. Ng2 Nd7
22. Rc2 Rac8 23. Kh2 Bd6 24. Rf1 Ne7 25. Rxc8 Rxc8 26. f4 exf4 27. Bxf4 Bxf4+
28. Rxf4 Qe8 29. Nxd4 e5 30. Qb3+ Kh8 31. Rf7 exd4 32. Qe6 Ng6 33. Qxe8+ Rxe8
34. Rxd7 Ne5 35. Rd5 Kg8 36. Ne1 h5 37. gxh5 Re6 38. Rxd4 1-0

[Event "24. European Club Cup 2008"]
[Site "Kallithea GRE"]
[Date "2008.10.18"]
[Round "2.16"]
[White "Timofeev, Artyom"]
[Black "Stojcevski, Zoran"]
[Result "1-0"]
[WhiteElo "2670"]
[BlackElo "2392"]
[PlyCount "85"]
[EventDate "2008.10.17"]
[EventType "team-swiss"]
[EventRounds "7"]
[EventCountry "GRE"]
[Source "lmi"]
[SourceDate "2008.10.17"]
[WhiteTeam "Bosna"]
[BlackTeam "Skopje"]

1. d4 Nf6 2. c4 e6 3. Nc3 Bb4 4. f3 Nc6 5. e4 d6 6. Nge2 O-O 7. a3 Bxc3+ 8.
Nxc3 e5 9. d5 Ne7 10. Be3 h6 11. Bd3 Nh7 12. O-O g5 13. c5 f5 14. cxd6 cxd6 15.
exf5 Bxf5 16. Rc1 a6 17. Ne4 Kh8 18. Qb3 Qd7 19. Rc3 Rac8 20. Rfc1 Rxc3 21.
bxc3 Bxe4 22. fxe4 Ng6 23. c4 Nh4 24. Qd1 Nf6 25. c5 dxc5 26. Bxc5 Rc8 27. g3
Ng6 28. a4 Kg7 29. a5 h5 30. Be3 h4 31. Bxg5 hxg3 32. hxg3 Rxc1 33. Bxf6+ Kxf6
34. Qxc1 Qg4 35. Qe3 Nf4 36. Bf1 Ng6 37. Be2 Qh3 38. Qf2+ Kg7 39. Qf3 Qc8 40.
Qe3 Qh3 41. Qg5 Kh7 42. Bh5 Nf8 43. Bf7 1-0

[Event "24. European Club Cup 2008"]
[Site "Kallithea GRE"]
[Date "2008.10.18"]
[Round "2.16"]
[White "Ivanisevic, Ivan"]
[Black "Ilic, Ljubomir"]
[Result "1-0"]
[WhiteElo "2658"]
[BlackElo "2297"]
[PlyCount "69"]
[EventDate "2008.10.17"]
[EventType "team-swiss"]
[EventRounds "7"]
[EventCountry "GRE"]
[Source "lmi"]
[SourceDate "2008.10.17"]
[WhiteTeam "Bosna"]
[BlackTeam "Skopje"]

1. d4 Nf6 2. Nf3 c5 3. d5 d6 4. Nc3 g6 5. e4 Bg7 6. h3 O-O 7. a4 b6 8. Bf4 Na6
9. Bc4 Nc7 10. O-O a6 11. Re1 Rb8 12. Qd3 Qd7 13. e5 Nfe8 14. Qd2 b5 15. axb5
axb5 16. Bf1 b4 17. Ne4 Bb7 18. Bc4 Rd8 19. Bh6 Qc8 20. Bxg7 Kxg7 21. Nh2 h5
22. Ng3 Rh8 23. e6 f6 24. h4 Ba6 25. b3 Qb7 26. Nhf1 Nb5 27. Qd3 Nec7 28. f4
Rdg8 29. f5 gxf5 30. Nxf5+ Kf8 31. N1e3 Na3 32. Bxa6 Nxa6 33. c4 Nc7 34. Ra2
Ne8 35. Rf2 1-0

[Event "24. European Club Cup 2008"]
[Site "Kallithea GRE"]
[Date "2008.10.18"]
[Round "2.17"]
[White "Larter, Nick J"]
[Black "Inarkiev, Ernesto"]
[Result "0-1"]
[WhiteElo "1819"]
[BlackElo "2669"]
[PlyCount "46"]
[EventDate "2008.10.17"]
[EventType "team-swiss"]
[EventRounds "7"]
[EventCountry "GRE"]
[Source "lmi"]
[SourceDate "2008.10.17"]
[WhiteTeam "Ennis"]
[BlackTeam "Alkaloid"]

1. e4 c5 2. a3 g6 3. d4 cxd4 4. c3 d3 5. Bxd3 Bg7 6. Nf3 d6 7. Be3 Nf6 8. h3
O-O 9. O-O Nbd7 10. Nbd2 b6 11. Qe2 a6 12. Nh2 Nc5 13. Rad1 Qc7 14. Bc2 Bb7 15.
Ng4 Nfxe4 16. Nxe4 Nxe4 17. Bxe4 Bxe4 18. Bxb6 Qb7 19. Rfe1 f5 20. Ba5 Bxg2 21.
Qxe7 fxg4 22. Qxb7 Bxb7 23. hxg4 Rae8 0-1

[Event "24. European Club Cup 2008"]
[Site "Kallithea GRE"]
[Date "2008.10.18"]
[Round "2.18"]
[White "Fiebig, Thomas"]
[Black "Butler, Kevin"]
[Result "1-0"]
[WhiteElo "2401"]
[BlackElo "2088"]
[PlyCount "47"]
[EventDate "2008.10.17"]
[EventType "team-swiss"]
[EventRounds "7"]
[EventCountry "GRE"]
[Source "lmi"]
[SourceDate "2008.10.17"]
[WhiteTeam "Eupen"]
[BlackTeam "Phibsboro"]

1. e4 e5 2. Nf3 Nc6 3. Bb5 a6 4. Bxc6 dxc6 5. Nc3 Bd6 6. d4 exd4 7. Qxd4 f6 8.
Be3 Be6 9. O-O-O Ne7 10. Qd2 Ng6 11. Nd4 Bd7 12. f4 O-O 13. h4 c5 14. Nf3 Re8
15. h5 Nf8 16. e5 fxe5 17. fxe5 Be7 18. h6 g6 19. Qd5+ Be6 20. Qxb7 Qb8 21.
Qxb8 Raxb8 22. Bg5 Bg4 23. Bxe7 Rxe7 24. Nd5 1-0

[Event "24. European Club Cup 2008"]
[Site "Kallithea GRE"]
[Date "2008.10.18"]
[Round "2.18"]
[White "Salter, David"]
[Black "Buhr, Carl Christian Dr"]
[Result "0-1"]
[WhiteElo "1953"]
[BlackElo "2346"]
[PlyCount "78"]
[EventDate "2008.10.17"]
[EventType "team-swiss"]
[EventRounds "7"]
[EventCountry "GRE"]
[Source "lmi"]
[SourceDate "2008.10.17"]
[WhiteTeam "Phibsboro"]
[BlackTeam "Eupen"]

1. d4 d5 2. Nc3 Nc6 3. Bg5 f6 4. Bh4 Nh6 5. f3 e6 6. Qd2 Nf5 7. Bf2 Bb4 8. a3
Ba5 9. e3 a6 10. b4 Bb6 11. Na4 Ba7 12. Nc5 Nd6 13. Qc3 Nb8 14. Bd3 b6 15. Nb3
Bb7 16. Ne2 Qe7 17. O-O O-O 18. Ng3 f5 19. Rae1 Nd7 20. e4 f4 21. Nh1 dxe4 22.
fxe4 e5 23. dxe5 Nxe5 24. Bd4 Nxd3 25. cxd3 Nb5 26. Qc4+ Kh8 27. Bb2 c5 28.
bxc5 bxc5 29. Nf2 Nd6 30. Qc3 Rac8 31. Na5 Ba8 32. Nc4 Nb5 33. Qa5 Rc6 34. Nh3
Bb8 35. e5 f3 36. g3 Rg6 37. a4 Nd4 38. Bxd4 cxd4 39. Qd2 Qh4 0-1

[Event "24. European Club Cup 2008"]
[Site "Kallithea GRE"]
[Date "2008.10.18"]
[Round "2.18"]
[White "Knudsen, Martin"]
[Black "Petzold, Klaus"]
[Result "1/2-1/2"]
[WhiteElo "1946"]
[BlackElo "2241"]
[PlyCount "58"]
[EventDate "2008.10.17"]
[EventType "team-swiss"]
[EventRounds "7"]
[EventCountry "GRE"]
[Source "lmi"]
[SourceDate "2008.10.17"]
[WhiteTeam "Phibsboro"]
[BlackTeam "Eupen"]

1. f4 d5 2. Nf3 Nf6 3. e3 Bg4 4. Be2 Nbd7 5. O-O Bxf3 6. Bxf3 e5 7. d4 exf4 8.
Nc3 c6 9. e4 Nxe4 10. Nxe4 dxe4 11. Bxe4 Nf6 12. Re1 Be7 13. Bxf4 Nxe4 14. Rxe4
O-O 15. Qe2 Bf6 16. c3 Qd5 17. Bg3 Rad8 18. Bf2 h6 19. c4 Qa5 20. b3 Rd7 21.
Rd1 a6 22. Be1 Qc7 23. Kh1 Rfd8 24. Re8+ Kh7 25. Qe4+ g6 26. Rxd8 Qxd8 27. Bf2
Qa5 28. Qe2 Kg7 29. Kg1 Qf5 1/2-1/2

[Event "24. European Club Cup 2008"]
[Site "Kallithea GRE"]
[Date "2008.10.18"]
[Round "2.19"]
[White "Beinoras, Mindaugas"]
[Black "Thorfinnsson, Bragi"]
[Result "1-0"]
[WhiteElo "2434"]
[BlackElo "2383"]
[PlyCount "101"]
[EventDate "2008.10.17"]
[EventType "team-swiss"]
[EventRounds "7"]
[EventCountry "GRE"]
[Source "lmi"]
[SourceDate "2008.10.17"]
[WhiteTeam "Panevezys"]
[BlackTeam "Bolungarvik"]

1. d4 Nf6 2. c4 e6 3. Nf3 b6 4. g3 Ba6 5. Qa4 Bb7 6. Bg2 c5 7. O-O Be7 8. Rd1
cxd4 9. Nxd4 Bxg2 10. Kxg2 Qc8 11. Nc3 O-O 12. e4 Qb7 13. f3 Rc8 14. Bf4 a6 15.
Rac1 Nc6 16. Nxc6 Rxc6 17. e5 Ne8 18. Rd4 f6 19. Rcd1 Rd8 20. Nd5 Bc5 21. R4d2
fxe5 22. Bg5 exd5 23. Bxd8 d4 24. Re2 Re6 25. Rde1 Bd6 26. Qc2 h6 27. g4 g5 28.
Qb3 Qc6 29. Bxb6 d3 30. Re3 d2 31. Rd1 e4 32. Rxe4 Rxe4 33. fxe4 Bf4 34. c5+
Kg7 35. Bd8 Qxc5 36. Qc3+ Qxc3 37. bxc3 Kf7 38. Kf3 Ke6 39. c4 Nd6 40. Bc7 Nxc4
41. Bxf4 gxf4 42. Kxf4 d5 43. h4 d4 44. g5 hxg5+ 45. hxg5 Ne5 46. Rxd2 Ng6+ 47.
Kf3 Ke5 48. Rb2 Nf4 49. Rb6 Nh3 50. g6 Ng5+ 51. Ke2 1-0